Tuya /
Guardado en:
| Autor Principal: | |
|---|---|
| Formato: | Libro |
| Publicado: |
Buenos Aires :
Alfaguara,
2008
|
| Materias: | |
| Etiquetas: |
Agregar Etiqueta
Sin Etiquetas, Sea el primero en etiquetar este registro!
|
| LEADER | 00647nam a22002175a 4500 | ||
|---|---|---|---|
| 001 | CEM.cems013542 | ||
| 005 | 20110606132041.0 | ||
| 008 | 130507s2008##################000#0#####d | ||
| 003 | CEMS | ||
| 020 | |a 9789870409878 | ||
| 082 | 0 | 4 | |a A863.4 |
| 100 | 1 | |a Piñeiro, Claudia | |
| 245 | 1 | 0 | |a Tuya / |c Claudia Piñeiro |
| 260 | |a Buenos Aires : |b Alfaguara, |c 2008 | ||
| 300 | |a 165 p. | ||
| 653 | |a Novelas | ||
| 653 | |a Novelas argentinas siglo 21 | ||
| 653 | |a Narrativa argentina | ||
| 653 | |a Novelas policiales | ||
| 859 | |a CEMS |b BIB. CEMS - 11 de abril |h A863.4 |i P658-1 |p 26162.11 |t Ej.1 | ||
| 859 | |a CEMS |b BIB. CEMS - 11 de abril |h A863.4 |i P658-1 |p 26163.11 |t Ej.2 | ||
